000
00303 a2200133 4500
001
155438
040
_c
Escola São Tomás de Aquino
100
_a
PIZAIA, Cassiana
240
1
0
_a
Palavras que voam
_l
por
245
1
0
_a
Palavras que voam
300
_a
2016
697
_a
*LITERATURA INFANTO
942
_c
BK
999
_c
155438
_d
155438